000 00256nam a2200109Ia 4500
008 240625s9999 xx 000 0 und d
041 _aeng
082 _a658.81 PAN
100 _aPANDA TAPAN K
245 _aSALES AND DISTRIBUTION MANAGEMENT
260 _c2011
999 _c38593
_d38593